Statistiques concernant Pokémon- Appareils propres à chaque génération

Cliquez ici pour prendre le quiz!

Statistiques générales

  • Ce quiz a été pris 11 fois
  • Le résultat moyen est 3 sur 9

Statistiques - réponses

RégionObjet% Correct
HoennPokéNav
64%
SinnohPokémontre
55%
JohtoPokématos
45%
Legendes ArceusSmarceus
36%
Unys (communication)Vokit
36%
UnysC-Gear
18%
KalosHolokit
18%
Kanto/Johto/SeviiMémori Dex
0%
Hoenn (ROSA)Multi-Navi
0%

Distribution des résultats

Percentile par nombre de réponses

% des personnes avec chaque résultat

Votre développement - résultats

Vous n’avez pas pris ce quiz